000 00502nam a22001697a 4500
999 _c525303
_d525303
003 NUST
038 _awaseem
082 _a297.34
_bZAM
100 _aZaman, Saleem Ullah
_916038
245 _aJahanam Mein Aurton Ki Kasarat Kou? /
_cSaleem Ullah Zaman
260 _aLahore :
_bDar-e-Andalas,
_c[S.l].
300 _a165 p. ;
500 _aPaperback.
880 _6100-02\r
_aسلیم اللہ زمان
880 _6245-02\r
_aجہنم میں عورتوں کی کثرت کیوں؟ /
942 _2ddc
_cBK